[Event "Czech open A"]
[Site "?"]
[Date "2013.07.24"]
[Round "6.78"]
[White "Ageichenko, Gennady"]
[Black "Travkina, Anastasia"]
[Result "1/2-1/2"]
[WhiteElo "2298"]
[BlackElo "2216"]
[PlyCount "165"]
[EventDate "2013.??.??"]
[TimeControl "6000+780"]
[WhiteClock "0:04:05"]
[BlackClock "0:08:12"]

1. c4 e6 2. Nf3 d5 3. g3 Nf6 4. Bg2 Be7 5. O-O O-O 6. d4 dxc4 7. Qc2 a6 8. Qxc4
b5 9. Qc2 Bb7 10. Bd2 Nc6 11. e3 Nb4 12. Bxb4 Bxb4 13. a3 Be4 14. Qe2 Be7 15.
Nc3 Bb7 16. Rfd1 Ra7 17. Ne5 Qa8 18. Bxb7 Qxb7 19. b4 c6 20. Qf3 a5 21. Qxc6
Rc8 22. Qxb7 Rxb7 23. Na2 axb4 24. Nxb4 Rbc7 25. Ned3 Ne4 26. Kf1 Ra8 27. f3
Nd6 28. Ke2 Rc3 29. Rdc1 Rxc1 30. Rxc1 Nc4 31. Rc3 Rxa3 32. Rxa3 Nxa3 33. Nc5
Nc4 34. Kd3 Kf8 35. Nc6 Ke8 36. f4 h5 37. h4 Nb2+ 38. Kc2 Nc4 39. e4 Ne3+ 40.
Kd3 Nc4 41. Na7 Nd6 42. Kc3 g6 43. Nc6 Bf8 44. Kb3 Nc4 45. Kc3 Nd6 46. Kd3 Bg7
47. Na7 Bf8 48. e5 Nf5 49. Ne4 b4 50. Nc6 Kd7 51. Na5 Be7 52. Kc4 Ne3+ 53. Kb5
Nf5 54. Nb3 Kc7 55. Kc4 Kc6 56. Nbc5 Ne3+ 57. Kxb4 Kd5 58. Kc3 Bxc5 59. Nxc5
Nf5 60. Kd3 Nxg3 61. Na6 Kc6 62. Nb4+ Kd7 63. d5 exd5 64. Nxd5 Nf5 65. Ke4 Nxh4
66. Nf6+ Ke6 67. Nh7 Nf5 68. Ng5+ Ke7 69. Nh7 Ng7 70. Ng5 Ne6 71. Nf3 Ng7 72.
Ng5 Nf5 73. Nh7 Nh6 74. Ng5 f6 75. exf6+ Kxf6 76. Nh7+ Kg7 77. Ng5 Nf7 78. Nf3
Kf6 79. Nd4 g5 80. fxg5+ Kxg5 81. Kf3 Ne5+ 82. Kg3 Ng6 83. Nf3+ 1/2-1/2

[Event "Czech open A"]
[Site "?"]
[Date "2013.07.24"]
[Round "6.79"]
[White "Gallien, Fabian"]
[Black "Jasny, Stanislav"]
[Result "0-1"]
[WhiteElo "2213"]
[BlackElo "2290"]
[PlyCount "72"]
[EventDate "2013.??.??"]
[TimeControl "6000+1425"]
[WhiteClock "0:06:12"]
[BlackClock "0:12:09"]

1. d4 Nf6 2. Bg5 Ne4 3. Bf4 e6 4. Nd2 d5 5. e3 Be7 6. Bd3 f5 7. f3 Nf6 8. Nh3
O-O 9. Qe2 c5 10. c3 Nc6 11. O-O Qb6 12. Rab1 a5 13. Kh1 Bd7 14. Rg1 Rae8 15.
Be5 cxd4 16. exd4 Nxe5 17. dxe5 Nh5 18. g4 fxg4 19. Rxg4 Rf7 20. Nb3 Ref8 21.
Nd4 Nf4 22. Nxf4 Rxf4 23. Qg2 Rxg4 24. Qxg4 Rf7 25. Qh3 g6 26. Qg3 Bc5 27. Rg1
Bxd4 28. cxd4 Qxd4 29. Bxg6 hxg6 30. Qxg6+ Kf8 31. Qg8+ Ke7 32. Qg5+ Ke8 33.
Qh5 Qf4 34. Rg3 d4 35. Qh8+ Rf8 36. Qh5+ Kd8 0-1

[Event "Czech open A"]
[Site "?"]
[Date "2013.07.24"]
[Round "6.80"]
[White "Rjabzev, Konstantin"]
[Black "Barthel, Ansgar"]
[Result "0-1"]
[WhiteElo "2290"]
[BlackElo "2230"]
[PlyCount "92"]
[EventDate "2013.??.??"]
[TimeControl "6000+905"]
[WhiteClock "0:26:44"]
[BlackClock "0:51:51"]

1. e4 Nf6 2. d3 d5 3. Nd2 e6 4. Ngf3 Be7 5. g3 O-O 6. Bg2 c5 7. O-O Nc6 8. h3
b5 9. exd5 exd5 10. Re1 h6 11. Nf1 Be6 12. Bf4 Qd7 13. g4 d4 14. Ne5 Nxe5 15.
Bxe5 Nd5 16. Qe2 Rae8 17. f4 Bh4 18. f5 Bxe1 19. Rxe1 f6 20. fxe6 Rxe6 21. Qf3
Nb4 22. Bg3 Rxe1 23. Bxe1 Nxc2 24. Bd2 Re8 25. Qd5+ Qxd5 26. Bxd5+ Kh8 27. Kf2
Nb4 28. Bxb4 cxb4 29. Ng3 Rc8 30. Bb3 a5 31. Ne2 a4 32. Bd1 Rd8 33. Kf3 Re8 34.
Nxd4 Re1 35. Bc2 Ra1 36. Nxb5 Rxa2 37. d4 a3 38. bxa3 bxa3 39. Nxa3 Rxa3+ 40.
Kf4 Rxh3 41. Bg6 Kg8 42. d5 Kf8 43. d6 Rh1 44. Kf5 Re1 45. d7 Ke7 46. Be8 Re5+
0-1

[Event "Czech open A"]
[Site "?"]
[Date "2013.07.24"]
[Round "6.81"]
[White "Muhsen, Abulla Mohmmed"]
[Black "Adamek, Jiri"]
[Result "0-1"]
[WhiteElo "2203"]
[BlackElo "2290"]
[PlyCount "76"]
[EventDate "2013.??.??"]
[TimeControl "6000+340"]
[WhiteClock "1:23:56"]
[BlackClock "0:58:39"]

1. d4 Nf6 2. Nf3 g6 3. c4 d6 4. Nc3 Bf5 5. Bg5 Bg7 6. Bxf6 Bxf6 7. e4 Bc8 8. h4
h5 9. Be2 c6 10. Qd2 e5 11. dxe5 dxe5 12. Qxd8+ Kxd8 13. O-O-O+ Kc7 14. Ng5
Bxg5+ 15. hxg5 Na6 16. Na4 b6 17. g4 Bxg4 18. Bxg4 hxg4 19. Rdg1 Rh3 20. Rxh3
gxh3 21. a3 Rh8 22. Kd2 Rh5 23. Ke3 Rxg5 24. Rh1 Rh5 25. b4 Kd7 26. f4 exf4+
27. Kxf4 Nc7 28. Rh2 Kd6 29. Nc3 Ne6+ 30. Ke3 Ke5 31. Nd1 f5 32. Nf2 Nf4 33.
exf5 gxf5 34. Kf3 Ne6 35. Rh1 Ng5+ 36. Ke3 f4+ 37. Ke2 h2 38. Ng4+ Kf5 0-1

[Event "Czech open A"]
[Site "?"]
[Date "2013.07.24"]
[Round "6.82"]
[White "Villegas, Pierre"]
[Black "Bartos, Jan"]
[Result "0-1"]
[WhiteElo "2288"]
[BlackElo "2209"]
[PlyCount "102"]
[EventDate "2013.??.??"]
[TimeControl "6000+960"]
[WhiteClock "0:28:16"]
[BlackClock "0:17:07"]

1. d4 d5 2. c4 c6 3. Nf3 Nf6 4. e3 Bf5 5. Nc3 a6 6. Qb3 b5 7. c5 a5 8. Ne5 a4
9. Qd1 g6 10. g4 Be6 11. Bg2 Bg7 12. f3 Qc8 13. h3 h5 14. Ne2 hxg4 15. hxg4
Rxh1+ 16. Bxh1 Nfd7 17. Nd3 g5 18. Ng3 Na6 19. Kf2 Nf6 20. Bd2 Qc7 21. Qe2
O-O-O 22. b3 a3 23. Bg2 Rh8 24. Rh1 Rh4 25. Rxh4 gxh4 26. Nf1 Nh7 27. Kg1 f5
28. Nf4 Bd7 29. Nh5 Bh8 30. Qd3 e5 31. Be1 e4 32. Qe2 Qd8 33. Kh2 Ng5 34. gxf5
exf3 35. Bxf3 Bxf5 36. Bg4 Qd7 37. Bxf5 Qxf5 38. Nf4 Bxd4 39. Bxh4 Be5 40. Ng3
Bxf4 41. exf4 Qh3+ 42. Kg1 Qxh4 43. Qe8+ Kb7 44. Qd7+ Nc7 45. Nf5 Qe1+ 46. Kg2
Qe2+ 47. Kg3 Ne4+ 48. Kh3 Qf1+ 49. Kh2 Qxf4+ 50. Kg2 Qf2+ 51. Kh3 Qxc5 0-1

[Event "Czech open A"]
[Site "?"]
[Date "2013.07.24"]
[Round "6.83"]
[White "Meissner, Felix"]
[Black "Bivol, Alina"]
[Result "1/2-1/2"]
[WhiteElo "2285"]
[BlackElo "2207"]
[PlyCount "35"]
[EventDate "2013.??.??"]
[TimeControl "6000+745"]
[WhiteClock "0:41:11"]
[BlackClock "1:11:23"]

1. e4 e6 2. d4 d5 3. Nd2 Be7 4. Bd3 c5 5. dxc5 Nf6 6. Qe2 a5 7. Ngf3 O-O 8. O-O
Na6 9. e5 Nd7 10. Nd4 Ndxc5 11. N2f3 Nxd3 12. cxd3 Nc5 13. Be3 Qd7 14. Rfc1 b6
15. b3 Ba6 16. Ne1 f6 17. f4 Rac8 18. a3 1/2-1/2

[Event "Czech open A"]
[Site "?"]
[Date "2013.07.24"]
[Round "6.84"]
[White "Sanders, Isaac"]
[Black "Cherepanov, Vladislav"]
[Result "1-0"]
[WhiteElo "2210"]
[BlackElo "2284"]
[PlyCount "77"]
[EventDate "2013.??.??"]
[TimeControl "6000+1570"]
[WhiteClock "0:03:55"]
[BlackClock "0:06:06"]

1. d4 Nf6 2. c4 e6 3. g3 Bb4+ 4. Bd2 Be7 5. Bg2 d5 6. Nf3 O-O 7. O-O b6 8. cxd5
exd5 9. Nc3 Bb7 10. Rc1 Nbd7 11. Bf4 c5 12. Ne5 a6 13. Nxd7 Qxd7 14. Na4 Qb5
15. Bc7 Bc6 16. b3 Qb4 17. a3 Qxa3 18. Nxb6 Ra7 19. Be5 Ne4 20. Bxe4 dxe4 21.
d5 Ba8 22. Rc4 Qa5 23. Nxa8 Rfxa8 24. d6 Rd7 25. Qd5 Rad8 26. Rxc5 Qb4 27. Rd1
Bf8 28. Rc6 e3 29. fxe3 Kh8 30. Bf4 a5 31. Kf2 f6 32. Rc7 Rxd6 33. Bxd6 Rxd6
34. Qh1 Re6 35. Rc8 f5 36. Qa8 Rf6 37. Rdd8 Kg8 38. Qd5+ Kh8 39. Qd6 1-0

[Event "Czech open A"]
[Site "?"]
[Date "2013.07.24"]
[Round "6.85"]
[White "Heimrath, Reiner"]
[Black "Drnovsek, Gal"]
[Result "1-0"]
[WhiteElo "2280"]
[BlackElo "2203"]
[PlyCount "135"]
[EventDate "2013.??.??"]
[TimeControl "6000+750"]
[WhiteClock "0:08:49"]
[BlackClock "0:23:32"]

1. e4 c5 2. Nf3 d6 3. Bb5+ Bd7 4. a4 Nc6 5. c3 Nf6 6. Qc2 e6 7. O-O a6 8. Be2
Rc8 9. Rd1 Be7 10. Na3 O-O 11. h3 Qc7 12. d3 d5 13. Bg5 Rfd8 14. Bf1 Be8 15.
Re1 h6 16. Bh4 Ne5 17. Nxe5 Qxe5 18. exd5 Qxd5 19. Nc4 Qc6 20. a5 Nd5 21. Bg3
f6 22. Be2 Bf7 23. Bf3 e5 24. Nb6 Rb8 25. Qe2 Qc7 26. Bxd5 Bxd5 27. d4 Bf7 28.
dxe5 fxe5 29. Bxe5 Bd6 30. Bxd6 Qxd6 31. Qe7 Qf4 32. Qxc5 Rd2 33. b4 Rbd8 34.
Qe3 Qf6 35. Qf3 Qxf3 36. gxf3 R8d3 37. Re3 Rxe3 38. fxe3 Rd3 39. Kf2 Rxc3 40.
Rd1 Be6 41. h4 Kf7 42. Rd4 Kf6 43. Na4 Rc6 44. Kg3 Kf7 45. Nc5 b6 46. Rf4+ Kg8
47. Nxe6 Rxe6 48. axb6 Rxb6 49. Rc4 Kf7 50. Kg4 Kf6 51. f4 g6 52. e4 h5+ 53.
Kf3 Ke6 54. Ke3 Kf6 55. Kd3 Ke6 56. Kc3 Kf6 57. Rc5 Re6 58. Kd4 Rd6+ 59. Rd5
Rb6 60. Kc4 Rc6+ 61. Kb3 Re6 62. Rd4 Rc6 63. Rc4 Rb6 64. Ka4 Re6 65. Ka5 Ke7
66. e5 Kd7 67. Rd4+ Kc7 68. Rd6 1-0

[Event "Czech open A"]
[Site "?"]
[Date "2013.07.24"]
[Round "6.86"]
[White "Dauletova, Gulmira"]
[Black "Mueer, Sebastian"]
[Result "0-1"]
[WhiteElo "2276"]
[BlackElo "2202"]
[PlyCount "174"]
[EventDate "2013.??.??"]
[TimeControl "6000+1280"]
[WhiteClock "0:03:03"]
[BlackClock "0:01:54"]

1. e4 e6 2. d4 d5 3. Nc3 Nf6 4. e5 Nfd7 5. f4 c5 6. Nf3 Nc6 7. Be3 Be7 8. Qd2
O-O 9. dxc5 Bxc5 10. Nd4 a6 11. O-O-O Nxd4 12. Bxd4 b5 13. Qe3 Qc7 14. Bd3 Bxd4
15. Qxd4 Bb7 16. Rhe1 Qc5 17. Ne2 Rfe8 18. Qxc5 Nxc5 19. Nd4 b4 20. g4 a5 21.
Kd2 Ba6 22. Ke3 a4 23. a3 b3 24. Bxa6 Rxa6 25. cxb3 axb3 26. Rc1 Na4 27. Re2
Nb6 28. Rc3 Nc4+ 29. Kd3 f6 30. exf6 gxf6 31. Rxb3 Kh8 32. Rb7 Nd6 33. Rc7 Ne4
34. Kc2 Ra4 35. Nf3 Nd6 36. Rc6 Nb5 37. Rexe6 Rxe6 38. Rxe6 Rxf4 39. Re8+ Kg7
40. Nh4 Nd4+ 41. Kd3 Rxg4 42. Ng2 Rxg2 43. Kxd4 Rxb2 44. Kxd5 Rxh2 45. Re3 Kf7
46. Ke4 Rh4+ 47. Kf5 Rh5+ 48. Kg4 Kg6 49. Kf4 Rh4+ 50. Kg3 Ra4 51. Kh3 f5 52.
Rg3+ Kh5 53. Kg2 h6 54. Kh3 Ra5 55. Rb3 Kg5 56. Kg3 h5 57. Kh3 Ra4 58. Rg3+ Kf6
59. Rb3 h4 60. Re3 Kg5 61. Rb3 Re4 62. Rc3 Re5 63. Rb3 f4 64. Kg2 Kg4 65. Rb8
Re2+ 66. Kg1 Ra2 67. Rg8+ Kf3 68. Rh8 Rxa3 69. Kh2 Ke2 70. Rb8 Re3 71. Rb2+ Kf1
72. Rb1+ Kf2 73. Rb4 f3 74. Rxh4 Re8 75. Rh3 Rg8 76. Rh7 Kf1 77. Ra7 Re8 78.
Ra1+ Re1 79. Ra3 f2 80. Ra2 Rb1 81. Kg3 Rb3+ 82. Kh2 Ke1 83. Ra1+ Ke2 84. Ra2+
Kf3 85. Ra1 Re3 86. Rb1 Re1 87. Rb3+ Ke4 0-1

[Event "Czech open A"]
[Site "?"]
[Date "2013.07.24"]
[Round "6.87"]
[White "Braeuer, Franz"]
[Black "Semenova, Elena"]
[Result "1-0"]
[WhiteElo "2275"]
[BlackElo "2152"]
[PlyCount "97"]
[EventDate "2013.??.??"]
[TimeControl "6000+1020"]
[WhiteClock "0:30:40"]
[BlackClock "0:01:17"]

1. e4 e5 2. Nf3 Nc6 3. d4 exd4 4. Nxd4 Nf6 5. Nxc6 bxc6 6. e5 Qe7 7. Qe2 Nd5 8.
c4 Nb6 9. Nd2 g6 10. Ne4 Bg7 11. Nf6+ Bxf6 12. exf6 Qxe2+ 13. Bxe2 O-O 14. Be3
Re8 15. O-O-O Ba6 16. b3 d5 17. Bf3 Bb7 18. c5 Nd7 19. Bd4 Nf8 20. h4 Ba6 21.
Rd2 h6 22. Bg4 Rad8 23. g3 Ne6 24. h5 Nxd4 25. Rxd4 g5 26. Kd2 Bc8 27. Bxc8
Rxc8 28. Re1 Re6 29. Rxe6 fxe6 30. Ra4 Kf7 31. Rxa7 Kxf6 32. Ra6 Ke7 33. Rxc6
Kd7 34. Ra6 Rb8 35. Kd3 Rf8 36. Ke3 Rf5 37. Ra8 Re5+ 38. Kd4 Rf5 39. Rh8 Rxf2
40. Rxh6 Rf3 41. b4 Rxg3 42. b5 Rg4+ 43. Ke5 Re4+ 44. Kf6 d4 45. Rh7+ Kc8 46.
c6 Kb8 47. Rd7 Rf4+ 48. Kxg5 e5 49. h6 1-0

[Event "Czech open A"]
[Site "?"]
[Date "2013.07.24"]
[Round "6.88"]
[White "Kelkar, Abhishek"]
[Black "Vrublevskaya, Olga"]
[Result "1-0"]
[WhiteElo "2274"]
[BlackElo "2156"]
[PlyCount "65"]
[EventDate "2013.??.??"]
[TimeControl "6000+1350"]
[WhiteClock "0:25:04"]
[BlackClock "0:04:55"]

1. e4 c5 2. Nf3 e6 3. d4 cxd4 4. Nxd4 a6 5. Bd3 Bc5 6. Nb3 Be7 7. O-O d6 8. c4
Nf6 9. Nc3 Nbd7 10. f4 Qc7 11. Be3 b6 12. Qf3 Bb7 13. Rad1 O-O 14. g4 Nc5 15.
Nxc5 dxc5 16. Qh3 g6 17. e5 Nd7 18. Be4 Rfd8 19. Qf3 Bxe4 20. Nxe4 b5 21. Nd6
Rab8 22. Qh3 f6 23. Nf7 Re8 24. f5 Nxe5 25. Nxe5 Qxe5 26. Bf4 Qe2 27. Bxb8 Rxb8
28. Rfe1 Qc2 29. Rd7 Re8 30. Rxe6 gxf5 31. Rexe7 Rxe7 32. Rxe7 Qd1+ 33. Qf1 1-0

[Event "Czech open A"]
[Site "?"]
[Date "2013.07.24"]
[Round "6.89"]
[White "Nguyen, Thai Dai Van"]
[Black "Lorscheid, Gerhard"]
[Result "1-0"]
[WhiteElo "2176"]
[BlackElo "2273"]
[PlyCount "27"]
[EventDate "2013.??.??"]
[TimeControl "6000+1175"]
[WhiteClock "0:39:27"]
[BlackClock "1:22:49"]

1. e4 d6 2. d4 Nf6 3. Nc3 e5 4. Nf3 Nbd7 5. g4 g6 6. g5 Nh5 7. Be3 Bg7 8. Qd2
O-O 9. O-O-O c6 10. dxe5 dxe5 11. Bh3 Qe7 12. Bg4 Nb6 13. Bxc8 Nc4 14. Qd7 1-0

[Event "Czech open A"]
[Site "?"]
[Date "2013.07.24"]
[Round "6.90"]
[White "Le Ruyet, Leopold"]
[Black "Yefimov, Mstislav"]
[Result "1/2-1/2"]
[WhiteElo "2273"]
[BlackElo "2137"]
[PlyCount "78"]
[EventDate "2013.??.??"]
[TimeControl "6000+765"]
[WhiteClock "0:25:22"]
[BlackClock "0:14:03"]

1. e4 e5 2. Nf3 d6 3. d4 exd4 4. Qxd4 Nc6 5. Bb5 Nge7 6. Be3 a6 7. Bxc6+ Nxc6
8. Qd2 Be7 9. Nc3 O-O 10. O-O-O Be6 11. h4 Ne5 12. Nxe5 dxe5 13. Qe2 Qc8 14.
Nd5 Bxd5 15. Rxd5 Qe6 16. Kb1 Rad8 17. Rhd1 c6 18. Rxd8 Rxd8 19. Rxd8+ Bxd8 20.
g3 Qd7 21. c4 g6 22. Kc2 h5 23. c5 Be7 24. Qc4 Bd8 25. Bd2 Bf6 26. Bc3 Bg7 27.
a4 Kf8 28. b4 Ke7 29. f4 Qe6 30. Qd3 f5 31. Kb2 Bf6 32. exf5 gxf5 33. fxe5 Bxe5
34. Qe3 Bxc3+ 35. Qxc3 Qf6 36. Kc2 f4 37. gxf4 Qxf4 38. Qg7+ Ke6 39. Qg6+ Ke7
1/2-1/2

[Event "Czech open A"]
[Site "?"]
[Date "2013.07.24"]
[Round "6.91"]
[White "Kratochvil, Karel"]
[Black "Poloch, Petr"]
[Result "1/2-1/2"]
[WhiteElo "2195"]
[BlackElo "2272"]
[PlyCount "41"]
[EventDate "2013.??.??"]
[TimeControl "6000+435"]
[WhiteClock "1:01:01"]
[BlackClock "0:59:51"]

1. d4 Nf6 2. c4 e6 3. Nf3 Bb4+ 4. Nbd2 d5 5. Qa4+ Nc6 6. e3 O-O 7. a3 Be7 8.
Bd3 a5 9. Qc2 a4 10. cxd5 exd5 11. Ne5 Bd7 12. Nxd7 Qxd7 13. Bf5 Qe8 14. O-O
Bd6 15. Nb1 Na5 16. Nc3 Nb3 17. Rb1 b5 18. Bd3 c6 19. Na2 Rc8 20. Bd2 Nxd2 21.
Qxd2 1/2-1/2

[Event "Czech open A"]
[Site "?"]
[Date "2013.07.24"]
[Round "6.92"]
[White "Jacko-Jun., Vladimir"]
[Black "Stahnecker, Ludwig"]
[Result "1-0"]
[WhiteElo "2271"]
[BlackElo "2117"]
[PlyCount "149"]
[EventDate "2013.??.??"]
[TimeControl "6000+1030"]
[WhiteClock "0:02:02"]
[BlackClock "0:02:37"]

1. d4 d5 2. Bg5 h6 3. Bh4 Bf5 4. e3 Nd7 5. c4 g5 6. Bg3 e6 7. Nc3 c6 8. Nf3
Ngf6 9. Be2 Ne4 10. Nxe4 Bxe4 11. O-O Bg7 12. Qb3 Qc8 13. Nd2 Bg6 14. Rac1 O-O
15. cxd5 exd5 16. Bd3 Bxd3 17. Qxd3 Nf6 18. f3 Re8 19. b4 Qe6 20. Bf2 Rac8 21.
b5 Qd7 22. bxc6 Rxc6 23. Rxc6 Qxc6 24. Nb3 Rc8 25. Rd1 Bf8 26. Bg3 Qc2 27. Qxc2
Rxc2 28. Rd2 Rxd2 29. Nxd2 Bb4 30. Nb3 Kf8 31. Kf2 Ke7 32. Ke2 Kd7 33. Be5 Ne8
34. Kd3 f6 35. Bb8 a6 36. e4 Kc6 37. Nc1 Bd6 38. Bxd6 Kxd6 39. Ne2 dxe4+ 40.
fxe4 h5 41. Ng3 Ng7 42. Nf1 b5 43. Ne3 Ke6 44. Nd5 Ne8 45. Nb4 Nc7 46. d5+ Kd6
47. Kd4 a5 48. Nc6 a4 49. Nd8 Na6 50. Nf7+ Ke7 51. Nh6 b4 52. Nf5+ Kd7 53. Kc4
b3 54. axb3 axb3 55. Kxb3 Nc5+ 56. Kc4 Nxe4 57. Kd4 Nd2 58. Ng3 Nb3+ 59. Kc3
Nc1 60. Nxh5 Kd6 61. Kd4 f5 62. Ng3 Nb3+ 63. Kc4 Nd2+ 64. Kc3 Nb1+ 65. Kd4 f4
66. Ne4+ Ke7 67. Nxg5 Nd2 68. Ke5 Nf1 69. h3 Ne3 70. Ne4 Nxg2 71. d6+ Kd7 72.
Nc5+ Kc6 73. d7 Kc7 74. Ke6 f3 75. Ke7 1-0

[Event "Czech open A"]
[Site "?"]
[Date "2013.07.25"]
[Round "7.45"]
[White "Kazakov, Konstantin"]
[Black "Malakhov, Igor"]
[Result "1/2-1/2"]
[WhiteElo "2307"]
[BlackElo "2442"]
[PlyCount "112"]
[EventDate "2013.??.??"]
[TimeControl "6000+605"]
[WhiteClock "1:26:20"]
[BlackClock "0:16:11"]

1. e4 c5 2. Nf3 e6 3. b3 b6 4. Bb2 Bb7 5. Nc3 d6 6. d4 Nd7 7. Be2 cxd4 8. Qxd4
Ngf6 9. O-O-O e5 10. Qd2 Be7 11. Ba3 Rc8 12. Bc4 Nc5 13. Bxc5 Rxc5 14. Bb5+
Rxb5 15. Nxb5 Nxe4 16. Qe1 O-O 17. Nc3 Qa8 18. Nxe4 Bxe4 19. Qe2 Rc8 20. Ne1
Qc6 21. f3 Bg6 22. h4 h5 23. Qd2 Qc5 24. Kb1 d5 25. g4 hxg4 26. fxg4 Be4 27.
Rh2 Qg1 28. g5 a5 29. Nd3 Qg4 30. Rf1 a4 31. Rhf2 axb3 32. axb3 Qxh4 33. Rxf7
Bxg5 34. Qe2 Bf6 35. Ra7 Qh3 36. Rc1 Rc3 37. Ra8+ Kf7 38. Kb2 Bxd3 39. Ra7+ Kg8
40. Ra8+ Kf7 41. Ra7+ Kg8 42. Ra8+ Kh7 43. cxd3 Rxd3 44. Rcc8 Kg6 45. Rh8 Rxb3+
46. Ka2 Qf3 47. Qc2+ Rd3 48. Rh2 e4 49. Rg2+ Bg5 50. Qc6+ Qf6 51. Qe8+ Kf5 52.
Qd7+ Ke5 53. Qc7+ Kf5 54. Qd7+ Ke5 55. Qc7+ Kf5 56. Qd7+ Ke5 1/2-1/2

[Event "Czech open A"]
[Site "?"]
[Date "2013.07.25"]
[Round "7.46"]
[White "Mammadov, Zaur"]
[Black "Zubritskiy, Artyom"]
[Result "1/2-1/2"]
[WhiteElo "2437"]
[BlackElo "2320"]
[PlyCount "114"]
[EventDate "2013.??.??"]
[TimeControl "6000+1325"]
[WhiteClock "0:50:01"]
[BlackClock "0:03:13"]

1. e4 c5 2. c3 d5 3. exd5 Qxd5 4. d4 Nf6 5. Nf3 e6 6. Na3 Nc6 7. Be3 Ng4 8. Bg5
Bd7 9. h3 Nf6 10. Bd3 cxd4 11. Nb5 Rc8 12. O-O a6 13. Bxf6 gxf6 14. Nbxd4 Nxd4
15. cxd4 Be7 16. Re1 f5 17. Bc2 O-O 18. Bb3 Qd6 19. d5 exd5 20. Bxd5 Rc7 21.
Qb3 Qb4 22. Qd3 Bf6 23. Ne5 Bg7 24. Nxd7 Rxd7 25. Qxf5 Rfd8 26. Bb3 Qb5 27. Qf3
Qc6 28. Re4 Qf6 29. Qg4 Re7 30. Rae1 Rxe4 31. Qxe4 b5 32. Re2 a5 33. a4 bxa4
34. Qxa4 Qg5 35. Re3 Rf8 36. Qc4 Kh8 37. Rf3 Qe7 38. Bc2 Bxb2 39. Re3 Qb4 40.
Qd5 Qh4 41. Qf5 Qh6 42. Qxa5 Bd4 43. Re2 Qc1+ 44. Kh2 Qh6 45. g3 Bg7 46. Qf5
Qg6 47. Qc5 Qa6 48. Re7 Qc8 49. Rc7 Qe6 50. Qh5 Qh6 51. Qg4 Qb6 52. Qf5 Qg6 53.
Qc5 Qe6 54. Qh5 Qh6 55. Qe2 Qd6 56. Qh5 Qh6 57. Qc5 Qe6 1/2-1/2

[Event "Czech open A"]
[Site "?"]
[Date "2013.07.25"]
[Round "7.47"]
[White "Dorst, Johannes"]
[Black "Vassallo Barroche, Mauricio"]
[Result "0-1"]
[WhiteElo "2236"]
[BlackElo "2434"]
[PlyCount "108"]
[EventDate "2013.??.??"]
[TimeControl "6000+940"]
[WhiteClock "0:23:39"]
[BlackClock "0:55:28"]

1. e4 c5 2. Nc3 e6 3. Nf3 a6 4. d4 cxd4 5. Nxd4 Qc7 6. Bd3 b5 7. O-O Bb7 8. Qe2
Nc6 9. Nxc6 Qxc6 10. f3 Bc5+ 11. Be3 Ne7 12. Qf2 Rc8 13. a4 b4 14. Na2 d6 15.
Nc1 Bxe3 16. Qxe3 Qc5 17. Qxc5 dxc5 18. Rd1 Ng6 19. Bf1 Ke7 20. Nb3 Rc7 21. Na5
Ra8 22. Rd2 Ne5 23. Rad1 g5 24. Rd6 Bc8 25. Nc4 Nxc4 26. Bxc4 Bd7 27. b3 a5 28.
e5 Bc6 29. Kf2 Rg8 30. g4 h6 31. Kg3 Rgc8 32. R1d2 Rd7 33. f4 Rxd6 34. exd6+
Kd7 35. f5 Re8 36. f6 Rg8 37. Bd3 Bd5 38. h4 Kxd6 39. hxg5 hxg5 40. Rh2 Ke5 41.
Rh6 Rc8 42. Kf2 c4 43. bxc4 Bxc4 44. Ke3 Bxd3 45. cxd3 Rd8 46. Rh1 Kxf6 47.
Rf1+ Kg6 48. Kd2 Rd4 49. Rc1 Rxg4 50. Rc5 Rg2+ 51. Ke3 Ra2 52. Rxa5 b3 53. Rb5
Rxa4 54. Rxb3 f5 0-1

[Event "Czech open A"]
[Site "?"]
[Date "2013.07.25"]
[Round "7.48"]
[White "Kupers, Stefan"]
[Black "Nagarajan, Raghavi"]
[Result "1-0"]
[WhiteElo "2432"]
[BlackElo "2097"]
[PlyCount "95"]
[EventDate "2013.??.??"]
[TimeControl "6000+1040"]
[WhiteClock "0:27:50"]
[BlackClock "0:28:56"]

1. e4 e5 2. Nf3 Nc6 3. Bc4 Bc5 4. c3 Nf6 5. d3 a6 6. Bb3 d6 7. Nbd2 O-O 8. h3
Ba7 9. Nf1 d5 10. exd5 Nxd5 11. Ng3 f6 12. O-O Be6 13. Re1 Qd7 14. Qe2 Bf7 15.
Bd2 Nde7 16. Bc2 Nf5 17. Ne4 Rad8 18. Rad1 Qd5 19. b3 Rfe8 20. Bc1 Nd6 21. Ng3
Qa5 22. Bd2 Qxa2 23. Rc1 Qa5 24. c4 Nb4 25. Nh4 Bc5 26. d4 exd4 27. Qg4 Re5 28.
Rxe5 fxe5 29. Ngf5 Nxf5 30. Nxf5 Bg6 31. Nh6+ gxh6 32. Bxg6 Qb6 33. Be4+ Kh8
34. Qf5 Qg6 35. Qxe5+ Qg7 36. Qxc5 Re8 37. Re1 Na2 38. Bxb7 Rxe1+ 39. Bxe1 Nc1
40. Qf5 Nxb3 41. f3 Qg5 42. Qf8+ Qg8 43. Qb4 Nc1 44. Bd5 Qe8 45. Qd2 Nb3 46.
Bf2 c5 47. Qxh6 Qe7 48. Bh4 1-0

[Event "Czech open A"]
[Site "?"]
[Date "2013.07.25"]
[Round "7.49"]
[White "Battey, Alexander"]
[Black "Sipila, Vilka"]
[Result "1-0"]
[WhiteElo "2304"]
[BlackElo "2423"]
[PlyCount "115"]
[EventDate "2013.??.??"]
[TimeControl "6000+1325"]
[WhiteClock "0:05:56"]
[BlackClock "1:01:39"]

1. d4 Nf6 2. c4 g6 3. Nc3 Bg7 4. e4 d6 5. Nf3 O-O 6. Be2 Na6 7. O-O e5 8. Be3
Ng4 9. Bg5 Qe8 10. dxe5 dxe5 11. h3 f6 12. Bc1 Nh6 13. Rb1 Nc5 14. b4 Ne6 15.
Re1 Nf7 16. b5 Qd7 17. Ba3 Qxd1 18. Rexd1 Re8 19. Nd5 Kh8 20. c5 c6 21. bxc6
bxc6 22. Ne3 Bf8 23. Rdc1 Nfd8 24. Nc4 Nxc5 25. Bxc5 Bxc5 26. Ncxe5 Bb6 27. Nc4
Rxe4 28. Bd3 Re8 29. Nxb6 axb6 30. Rxb6 Rxa2 31. Rb8 Bb7 32. Rb1 Ra7 33. Nd4
Rf8 34. Nb3 Ne6 35. Rxf8+ Nxf8 36. Nc5 Ba8 37. Rb8 Kg7 38. Be4 Ra5 39. Nb3 Ra4
40. Bf3 Nd7 41. Rc8 Ne5 42. Be2 g5 43. Nc5 Ra1+ 44. Kh2 Ra2 45. Ba6 Rxf2 46.
Rxa8 Ra2 47. Bb7 Rc2 48. Ne6+ Kg6 49. Ra3 Rc4 50. Ba6 Rc1 51. Nd4 f5 52. Nf3
Nf7 53. Re3 Kg7 54. Nd4 f4 55. Re6 c5 56. Nf5+ Kf8 57. Bb5 Rb1 58. Re8# 1-0

[Event "Czech open A"]
[Site "?"]
[Date "2013.07.25"]
[Round "7.50"]
[White "Adamek, Jiri"]
[Black "Stocek, Jiri"]
[Result "0-1"]
[WhiteElo "2290"]
[BlackElo "2576"]
[PlyCount "46"]
[EventDate "2013.??.??"]
[TimeControl "6000+620"]
[WhiteClock "0:41:51"]
[BlackClock "1:00:00"]

1. Nf3 d5 2. g3 Nc6 3. d4 Bf5 4. Bg2 Qd7 5. Nh4 Bh3 6. Bxh3 Qxh3 7. c3 e6 8.
Qd3 f6 9. e4 Nge7 10. Nd2 g5 11. Nhf3 O-O-O 12. Ng1 Qh5 13. exd5 Nxd5 14. Nc4
e5 15. Qf5+ Kb8 16. g4 Qf7 17. Nxe5 Qe8 18. Bxg5 Nxe5 19. dxe5 fxg5 20. O-O-O
Nxc3 21. Rxd8+ Qxd8 22. bxc3 Ba3+ 23. Kc2 Qd5 0-1

[Event "Czech open A"]
[Site "?"]
[Date "2013.07.25"]
[Round "7.51"]
[White "Cerveny, Petr"]
[Black "Harika, Dronavalli"]
[Result "1/2-1/2"]
[WhiteElo "2285"]
[BlackElo "2489"]
[PlyCount "101"]
[EventDate "2013.??.??"]
[TimeControl "6000+2225"]
[WhiteClock "0:18:50"]
[BlackClock "0:18:22"]

1. e4 e6 2. d4 d5 3. Nc3 Bb4 4. exd5 exd5 5. Bd3 c6 6. Nge2 Ne7 7. Ng3 O-O 8.
O-O Nd7 9. Re1 f5 10. Bg5 Nf6 11. Qe2 Ne4 12. Bxe7 Bxe7 13. f3 Bf6 14. fxe4
Bxd4+ 15. Kh1 Bxc3 16. bxc3 fxe4 17. Nxe4 dxe4 18. Bxe4 Qh4 19. g3 Qg4 20. Qxg4
Bxg4 21. Kg1 Rad8 22. Bd3 Rd7 23. Re5 g6 24. Rae1 Kg7 25. c4 Bf5 26. R1e3 Bh3
27. Re7+ Rf7 28. Rxd7 Bxd7 29. c5 Bf5 30. Bxf5 Rxf5 31. Re8 Rxc5 32. Re7+ Kf6
33. Rxb7 Rxc2 34. Rxh7 Rxa2 35. Rc7 Rc2 36. Rxa7 c5 37. Ra6+ Kf5 38. g4+ Kxg4
39. Rxg6+ Kf3 40. h4 Rd2 41. h5 Rd5 42. h6 Rh5 43. Rc6 Ke3 44. h7 Kd4 45. Rc7
c4 46. Kf2 Kd3 47. Kg3 c3 48. Kg4 Rh1 49. Kg5 c2 50. Kg6 Rg1+ 51. Kf7 1/2-1/2